000 00575nam a2200181 a 4500
001 000044109
005 20201002045143.0
008 140516s1994 sp 000 0 spa d
020 _a8420696803
040 _aDO-SdBNP
_bspa
_cBNPHU
100 1 _aVidal, César,
_c1958-
_959819
245 1 4 _aLos documentos del mar Muerto /
_cCésar Vidal Manzanares.
260 _aMadrid :
_bAlianza,
_c1994.
300 _a175 p. ;
_c22 cm.
500 _aIncluye índice
504 _aBibliografía : p. 167 171
504 _aIncluye referencias bibliográficas y notas al pie de las páginas
999 _c43598
_d43598